00585nam a2200205 a 4500001001300000003000900013005001700022008004100039020002300080082001600103100002300119245005000142260004500192300000900237500003500246505003300281650001300314650002900327700002300356nice12345678IN_TiNIC20260116015000.0050524s1991 newa grp 000 0 eng  a0820493 c10000a230.09bPER aPersaud, Winston D aTheology of the Cross and Marx`s Anthropology aNew YorkbPeter Lang Publications c1991 a295p aincludes index and biblioraphy2 aNotes, Selected Bibliography aTheology aChristianity and Marxism1 aPersaud, Winston D